Death Order of Escape The Night - Statistics

General Stats
  • This quiz has been taken 1,040 times
  • The average score is 9 of 11
Answer Stats
Hint Answer % Correct
1st Death Shane Dawson
100%
2nd Death Andrea Brooks
96%
3rd Death Justine Ezarik
94%
4th Death GloZell Green
93%
8th Death Lele Pons
90%
6th Death Matt Haag
90%
5th Death Sierra Furtado
90%
7th Death Timothy DeLaGhetto
90%
Maid Sarah
74%
Head of Staff Arthur
65%
Groundskeeper Marvin
62%
No matching quizzes found
Score Distribution
Percent of People with Each Score
Percentile by Number Answered
Your Score History
You have not taken this quiz